| 000 | 00000nas##2200000za#4500 |
| 001 | 9.500267 |
| 003 | CaOODSP |
| 005 | 20200325113309 |
| 007 | cr ||||||||||| |
| 008 | 150406c2007||||xxc|| m o||||f| |0eng|d |
| 040 | |aCaOODSP|beng |
| 041 | |aeng |
| 041 | |afre |
| 043 | |an-cn--- |
| 086 | 1 |aFs97-13-PDF |
| 110 | 1 |aCanada. |bDepartment of Fisheries and Oceans. |
| 245 | 10|aCanadian data report of fisheries and aquatic sciences |h[electronic resource] |
| 260 | |aOttawa - Ontario : |bFisheries and Oceans Canada |
| 310 | |aIrregular |
| 500 | |aThe ISSN (0706-6465) of the print edition has been incorrectly copied in the PDF edition. |
| 690 | 07|aFisheries|2gcpds |
| 775 | 08|tRapport statistique canadien des sciences halieutiques et aquatiques |w(CaOODSP)9.501626 |
| 775 | 08|tCanadian data report of fisheries and aquatic sciences |w(CaOODSP)9.505124 |
| 776 | 0#|tRapport statistique canadien des sciences halieutiques et aquatiques |w(CaOODSP)9.511565 |
| 792 | |tRapport statistique canadien des sciences halieutiques et aquatiques |efre|w(CaOODSP)9.500268 |